|
|
|
|
| LEADER |
00000cam a2200000 c 4500 |
| 001 |
115684214X |
| 003 |
DE-627 |
| 005 |
20221214183415.0 |
| 007 |
tu |
| 008 |
000830s2000 xx ||||| 00| ||ger c |
| 015 |
|
|
|a 00,A26,0700
|2 dnb
|
| 016 |
7 |
|
|a 95897120X
|2 DE-101
|
| 020 |
|
|
|a 3934155529
|9 3-934155-52-9
|
| 035 |
|
|
|a (DE-627)115684214X
|
| 035 |
|
|
|a (DE-576)086842145
|
| 035 |
|
|
|a (DE-599)DNB95897120X
|
| 035 |
|
|
|a (OCoLC)76130014
|
| 040 |
|
|
|a DE-627
|b ger
|c DE-627
|e rakwb
|
| 041 |
|
|
|a ger
|
| 084 |
|
|
|a 28
|2 sdnb
|
| 084 |
|
|
|a 28
|2 sdnb
|
| 084 |
|
|
|a ST 230
|2 rvk
|0 (DE-625)rvk/143617:
|
| 245 |
0 |
0 |
|a Software-Engineering
|b Schlüssel zu Prozeßbeherrschung und Informationsmanagement
|c M. Broy ... B. Paech ... [Hrsg.: Horst Wildemann]
|
| 263 |
|
|
|a kart. : DM 148.00, DM 128.00 (für Abonnenten)
|
| 264 |
|
1 |
|a München
|b Verl. TCW Transfer-Centrum
|c 2000
|
| 300 |
|
|
|a 141 S.
|b graph. Darst.
|
| 336 |
|
|
|a Text
|b txt
|2 rdacontent
|
| 337 |
|
|
|a ohne Hilfsmittel zu benutzen
|b n
|2 rdamedia
|
| 338 |
|
|
|a Band
|b nc
|2 rdacarrier
|
| 490 |
1 |
|
|a TCW-report
|v 24
|
| 583 |
1 |
|
|a Archivierung prüfen
|c 20221111
|f DE-640
|z 3
|2 pdager
|
| 689 |
0 |
0 |
|d s
|0 (DE-588)4116521-4
|0 (DE-627)104616377
|0 (DE-576)20950224X
|a Software Engineering
|2 gnd
|
| 689 |
0 |
|
|5 (DE-627)
|
| 700 |
1 |
|
|a Broy, Manfred
|d 1949-
|0 (DE-588)109602137
|0 (DE-627)51014991X
|0 (DE-576)160447917
|4 oth
|
| 700 |
1 |
|
|a Paech, Barbara
|d 1959-
|0 (DE-588)172299799
|0 (DE-627)697208648
|0 (DE-576)133166821
|4 oth
|
| 700 |
1 |
|
|a Wildemann, Horst
|d 1942-
|e Hrsg.
|0 (DE-588)119120410
|0 (DE-627)060102799
|0 (DE-576)211254053
|4 edt
|
| 830 |
|
0 |
|a TCW-report
|v 24
|9 24
|w (DE-627)1137422467
|w (DE-576)067422462
|7 am
|
| 936 |
r |
v |
|a ST 230
|b Software allgemein, (Einführung, Lehrbücher, Methoden der Programmierung) Software engineering, Programmentwicklungssysteme und Frameworks, Softwarewerkzeuge
|k Informatik
|k Monografien
|k Software und -entwicklung
|k Software allgemein, (Einführung, Lehrbücher, Methoden der Programmierung) Software engineering, Programmentwicklungssysteme und Frameworks, Softwarewerkzeuge
|0 (DE-627)1270877534
|0 (DE-625)rvk/143617:
|0 (DE-576)200877534
|
| 951 |
|
|
|a BO
|
| 990 |
|
|
|a Software Engineering
|
| 992 |
|
|
|a 20131213
|
| 993 |
|
|
|a Book
|
| 994 |
|
|
|a 2000
|
| 998 |
|
|
|g 172299799
|a Paech, Barbara
|m 172299799:Paech, Barbara
|d 910000
|d 950000
|d 950950
|e 910000PP172299799
|e 950000PP172299799
|e 950950PP172299799
|k 0/910000/
|k 1/910000/950000/
|k 2/910000/950000/950950/
|p 3
|
| 999 |
|
|
|a KXP-PPN115684214X
|e 2778645454
|
| BIB |
|
|
|a Y
|
| JSO |
|
|
|a {"name":{"displayForm":["M. Broy ... B. Paech ... [Hrsg.: Horst Wildemann]"]},"type":{"bibl":"edited-book"},"physDesc":[{"noteIll":"graph. Darst.","extent":"141 S."}],"id":{"isbn":["3934155529"],"eki":["115684214X"]},"recId":"115684214X","person":[{"family":"Broy","role":"oth","given":"Manfred","display":"Broy, Manfred"},{"given":"Barbara","display":"Paech, Barbara","role":"oth","family":"Paech"},{"role":"edt","family":"Wildemann","display":"Wildemann, Horst","given":"Horst"}],"language":["ger"],"title":[{"subtitle":"Schlüssel zu Prozeßbeherrschung und Informationsmanagement","title_sort":"Software-Engineering","title":"Software-Engineering"}],"origin":[{"dateIssuedDisp":"2000","publisherPlace":"München","publisher":"Verl. TCW Transfer-Centrum","dateIssuedKey":"2000"}],"relMultPart":[{"part":{"number_sort":["24"],"number":["24"]},"disp":"TCW-report","title":[{"subtitle":"Konzepte, Praxisfälle","title_sort":"TCW-report","title":"TCW-report"}],"dispAlt":"TCW-report","origin":[{"publisher":"TCW Transfer-Centrum","dateIssuedDisp":"19XX-","publisherPlace":"München"}],"type":{"bibl":"serial"},"recId":"1137422467","language":["ger"],"id":{"eki":["1137422467"]}}]}
|
| SRT |
|
|
|a SOFTWAREEN2000
|